A teaching manual on greatness of spirit / (Record no. 288212)
[ view plain ]
| 000 -LEADER | |
|---|---|
| fixed length control field | 00618nam a2200181Ia 4500 |
| 008 - FIXED-LENGTH DATA ELEMENTS--GENERAL INFORMATION | |
| fixed length control field | 150610s9999 xx 000 0 und d |
| 020 ## - INTERNATIONAL STANDARD BOOK NUMBER | |
| International Standard Book Number | 9789712723070 |
| 050 ## - LIBRARY OF CONGRESS CALL NUMBER | |
| Classification number | AS911 |
| Item number | .R39 Q56 2010 |
| 100 ## - MAIN ENTRY--PERSONAL NAME | |
| Personal name | Quitain, Rosemarie Jane Aquino. |
| 245 #2 - TITLE STATEMENT | |
| Title | A teaching manual on greatness of spirit / |
| Statement of responsibility, etc | by Rosemarie Jane Aquino-Quitain. |
| 260 ## - PUBLICATION, DISTRIBUTION, ETC. (IMPRINT) | |
| Place of publication, distribution, etc | Pasig City : |
| Name of publisher, distributor, etc | Anvil, |
| Date of publication, distribution, etc | 2010. |
| 300 ## - PHYSICAL DESCRIPTION | |
| Extent | 171pages : |
| Other physical details | illustrations ; |
| Dimensions | 23 cm. |
| 504 ## - BIBLIOGRAPHY, ETC. NOTE | |
| Bibliography, etc | Based on the Great men and women of Asia book series. |
| 650 ## - SUBJECT ADDED ENTRY--TOPICAL TERM | |
| Topical term or geographic name as entry element | Awards |
| General subdivision | Asia. |
| 650 ## - SUBJECT ADDED ENTRY--TOPICAL TERM | |
| Topical term or geographic name as entry element | Biography |
| General subdivision | Asia. |
| 650 ## - SUBJECT ADDED ENTRY--TOPICAL TERM | |
| Topical term following geographic name as entry element | Moral education. |
| 650 ## - SUBJECT ADDED ENTRY--TOPICAL TERM | |
| Topical term following geographic name as entry element | Values education. |
| Withdrawn status | Lost status | Damaged status | Home library | Current library | Shelving location | Date acquired | Total Checkouts | Full call number | Barcode | Date last seen | Price effective from | Koha item type |
|---|---|---|---|---|---|---|---|---|---|---|---|---|
| Stonyhurst Southville International School (Batangas) | Stonyhurst Southville International School (Batangas) | High School Section | 06/10/2015 | AS911.R39 Q56 2010 | US-1423 | 06/10/2015 | 06/10/2015 | Books |